WARKAH MAHAWANGSA (Record no. 193787)

MARC details
000 -LEADER
fixed length control field 00853nas a2200241 i 4500
005 - DATE AND TIME OF LATEST TRANSACTION
control field 20231204120238.0
008 - FIXED-LENGTH DATA ELEMENTS--GENERAL INFORMATION
fixed length control field 231128s2007 my qr p o00| 0 may d
020 ## - INTERNATIONAL STANDARD BOOK NUMBER
Qualifying information hardback
040 ## - CATALOGING SOURCE
Original cataloging agency PPAK
Language of cataloging eng
Transcribing agency PPAK
Description conventions rda
082 04 - DEWEY DECIMAL CLASSIFICATION NUMBER
Edition number 23
Classification number 353.709595112
090 00 - LOCALLY ASSIGNED LC-TYPE CALL NUMBER (OCLC); LOCAL CALL NUMBER (RLIN)
Classification number (OCLC) (R) ; Classification number, CALL (RLIN) (NR) 353.709595112
Feature heading WAR
Feature heading KWS
245 00 - TITLE STATEMENT
Title WARKAH MAHAWANGSA
264 #1 - PRODUCTION, PUBLICATION, DISTRIBUTION, MANUFACTURE, AND COPYRIGHT NOTICE
Place of production, publication, distribution, manufacture Alor Setar, Kedah :
Name of producer, publisher, distributor, manufacturer Majlis Kebudayaan Negeri Kedah,
Date of production, publication, distribution, manufacture, or copyright notice [2007?]
300 ## - PHYSICAL DESCRIPTION
Extent 1 volume (various pagings) :
Other physical details illustration, colour photographs ;
Dimensions 30 cm
336 ## - CONTENT TYPE
Content type term text
Source rdacontent
337 ## - MEDIA TYPE
Media type term unmediated
Source rdamedia
338 ## - CARRIER TYPE
Carrier type term volume
Source rdacarrier
500 ## - GENERAL NOTE
General note Description based on : No. 8 (June 2007)
General note Kertas Kerja
610 20 - SUBJECT ADDED ENTRY--CORPORATE NAME
Corporate name or jurisdiction name as entry element Majlis Kebudayaan Negeri Kedah
Form subdivision Periodicals
710 2# - ADDED ENTRY--CORPORATE NAME
Corporate name or jurisdiction name as entry element Majlis Kebudayaan Negeri Kedah Darul Aman,
Relator term issuing body.
942 ## - ADDED ENTRY ELEMENTS (KOHA)
Source of classification or shelving scheme Dewey Decimal Classification
Koha item type Book
Holdings
Withdrawn Not for loan Current library Shelving location Date acquired Total Checkouts Full call number Barcode Date last seen Koha item type
  Not For Loan Perpustakaan Alor Setar Koleksi Wan Shamsudin 15/01/2024   KWS 353.709595112 WAR KWS000722 15/01/2024 Book